[Event "Open A"]
[Site "Polanica-Zdroj"]
[Date "2017.08.23"]
[Round "5.5"]
[White "Kowalczyk, Rafal"]
[Black "Faron, Rafal"]
[Result "0-1"]
[BlackElo "2106"]
[WhiteElo "2222"]
[LiveChessVersion "1.4.8"]

1. e4 {[%clk 1:30:56]} Nf6 {[%clk 1:30:43]} 2. e5 {[%clk 1:30:19]} Nd5
{[%clk 1:30:41]} 3. d4 {[%clk 1:29:40]} d6 {[%clk 1:30:34]} 4. Nf3
{[%clk 1:23:11]} Nb6 {[%clk 1:30:28]} 5. Bd3 {[%clk 1:11:25]} g6 {[%clk 1:27:19]}
6. Bf4 {[%clk 1:05:37]} Bg7 {[%clk 1:25:54]} 7. h3 {[%clk 0:59:34]} O-O
{[%clk 1:22:47]} 8. O-O {[%clk 0:55:37]} Nc6 {[%clk 1:22:36]} 9. Qe1
{[%clk 0:43:28]} Nd5 {[%clk 0:47:49]} 10. Bd2 {[%clk 0:42:27]} dxe5
{[%clk 0:41:10]} 11. dxe5 {[%clk 0:41:50]} e6 {[%clk 0:41:05]} 12. Na3
{[%clk 0:36:47]} Qe7 {[%clk 0:36:52]} 13. Rd1 {[%clk 0:33:52]} h6
{[%clk 0:33:16]} 14. c3 {[%clk 0:29:08]} a6 {[%clk 0:31:42]} 15. Nc2
{[%clk 0:28:50]} Rd8 {[%clk 0:26:21]} 16. c4 {[%clk 0:21:02]} Nb6
{[%clk 0:25:06]} 17. Bf4 {[%clk 0:21:26]} Na4 {[%clk 0:22:55]} 18. Be2
{[%clk 0:13:16]} Rxd1 {[%clk 0:18:27]} 19. Qxd1 {[%clk 0:13:37]} Nxb2
{[%clk 0:17:15]} 20. Qc1 {[%clk 0:13:42]} Na4 {[%clk 0:17:40]} 21. Bxh6
{[%clk 0:13:13]} Nxe5 {[%clk 0:17:11]} 22. Nxe5 {[%clk 0:09:08]} Bxe5
{[%clk 0:17:38]} 23. Ne3 {[%clk 0:09:28]} f5 {[%clk 0:14:12]} 24. f4
{[%clk 0:05:15]} Bf6 {[%clk 0:09:56]} 25. g4 {[%clk 0:03:41]} Kh7
{[%clk 0:07:23]} 26. g5 {[%clk 0:03:32]} Bd4 {[%clk 0:07:21]} 27. Kg2
{[%clk 0:02:47]} Qc5 {[%clk 0:04:38]} 28. Nc2 {[%clk 0:02:43]} Bh8
{[%clk 0:04:43]} 29. h4 {[%clk 0:01:17]} Nc3 {[%clk 0:02:03]} 30. Bf3
{[%clk 0:01:42]} Qxc4 {[%clk 0:01:33]} 31. Qd2 {[%clk 0:00:36]} Ne4
{[%clk 0:00:41]} 32. Qd1 {[%clk 0:00:32]} Nd6 {[%clk 0:00:53]} 33. h5
{[%clk 0:00:42]} gxh5 {[%clk 0:01:06]} 34. Rh1 {[%clk 0:00:37]} Bd7
{[%clk 0:00:40]} 35. Rxh5 {[%clk 0:00:50]} Kg8 {[%clk 0:00:56]} 36. g6
{[%clk 0:00:38]} Ba4 {[%clk 0:01:09]} 37. Qh1 {[%clk 0:00:32]} Qxc2+
{[%clk 0:01:23]} 38. Kg3 {[%clk 0:00:58]} Ne4+ {[%clk 0:01:09]} 39. Bxe4
{[%clk 0:01:01]} Qxe4 {[%clk 0:01:38]} 40. Qxe4 {[%clk 0:30:33]} fxe4
{[%clk 0:32:07]} 41. g7 {[%clk 0:30:56]} Bxg7 {[%clk 0:29:34]} 42. Rg5
{[%clk 0:31:22]} Kh7 {[%clk 0:29:28]} 43. Bxg7 {[%clk 0:31:40]} Rg8
{[%clk 0:28:39]} 44. Bd4 {[%clk 0:30:35]} Bc6 {[%clk 0:14:35]} 45. Kh4
{[%clk 0:22:49]} Bd5 {[%clk 0:12:08]} 46. a3 {[%clk 0:22:58]} Rxg5
{[%clk 0:11:28]} 47. fxg5 {[%clk 0:23:12]} Kg6 {[%clk 0:11:10]} 48. Kg4
{[%clk 0:23:41]} b5 {[%clk 0:11:09]} 49. Kf4 {[%clk 0:23:44]} c6 {[%clk 0:11:34]}
50. Be3 {[%clk 0:23:25]} a5 {[%clk 0:08:53]} 51. Bd2 {[%clk 0:23:01]} a4
{[%clk 0:06:02]} 52. Be3 {[%clk 0:20:58]} Kh5 {[%clk 0:05:54]} 53. Bd4
{[%clk 0:15:48]} b4 {[%clk 0:05:24]} 54. axb4 {[%clk 0:16:14]} a3
{[%clk 0:05:52]} 55. Bf6 {[%clk 0:15:34]} a2 {[%clk 0:06:06]} 56. Bb2
{[%clk 0:02:08]} e3 {[%clk 0:05:51]} 57. Kxe3 {[%clk 0:02:35]} Kxg5
{[%clk 0:06:18]} 58. Ba1 {[%clk 0:02:14]} Kf5 {[%clk 0:06:32]} 59. Bd4
{[%clk 0:02:33]} e5 {[%clk 0:06:45]} 60. Ba1 {[%clk 0:02:16]} Bc4
{[%clk 0:06:52]} 61. Bb2 {[%clk 0:02:05]} Bb3 {[%clk 0:06:42]} 62. Ba1
{[%clk 0:00:39]} Ke6 {[%clk 0:07:01]} 63. Kd3 {[%clk 0:00:36]} Kd5
{[%clk 0:07:18]} 64. Ke3 {[%clk 0:00:34]} Bc4 {[%clk 0:06:59]} 65. Bb2
{[%clk 0:00:43]} e4 {[%clk 0:07:19]} 66. Kd2 {[%clk 0:00:58]} Bb5
{[%clk 0:07:14]} 67. Ba1 {[%clk 0:00:53]} Kc4 {[%clk 0:07:17]} 68. Ke3
{[%clk 0:00:56]} Kb3 {[%clk 0:07:15]} 69. Kd2 {[%clk 0:00:34]} e3+
{[%clk 0:07:07]} 70. Kxe3 {[%clk 0:00:41]} Kc2 {[%clk 0:07:36]} 71. Kd4
{[%clk 0:00:31]} Kb1 {[%clk 0:08:01]} 0-1

[Event "Open A"]
[Site "Polanica-Zdroj"]
[Date "2017.08.23"]
[Round "5.6"]
[White "Hiszczynski, Jakub"]
[Black "Bilczewski, Kacper"]
[Result "0-1"]
[BlackElo "2191"]
[WhiteElo "2005"]
[LiveChessVersion "1.4.8"]

1. e4 {[%clk 1:30:53]} c6 {[%clk 1:30:20]} 2. d4 {[%clk 1:31:04]} d5
{[%clk 1:30:44]} 3. e5 {[%clk 1:31:30]} e6 {[%clk 1:30:41]} 4. Bd3
{[%clk 1:29:30]} c5 {[%clk 1:31:06]} 5. c3 {[%clk 1:29:56]} Nc6 {[%clk 1:31:33]}
6. Ne2 {[%clk 1:28:43]} Bd7 {[%clk 1:31:48]} 7. Nd2 {[%clk 1:28:48]} Qb6
{[%clk 1:30:35]} 8. Nf3 {[%clk 1:26:35]} Nge7 {[%clk 1:07:57]} 9. O-O
{[%clk 1:16:20]} g6 {[%clk 1:05:03]} 10. dxc5 {[%clk 1:06:33]} Qxc5
{[%clk 1:03:28]} 11. Ned4 {[%clk 0:57:35]} Bg7 {[%clk 1:00:30]} 12. Be3
{[%clk 0:49:53]} Nxd4 {[%clk 1:00:44]} 13. Nxd4 {[%clk 0:50:15]} Qc7
{[%clk 0:59:57]} 14. Nb5 {[%clk 0:48:27]} Bxb5 {[%clk 1:00:21]} 15. Bxb5+
{[%clk 0:48:53]} Nc6 {[%clk 1:00:43]} 16. f4 {[%clk 0:48:56]} O-O
{[%clk 1:00:42]} 17. Qe2 {[%clk 0:43:28]} Rfd8 {[%clk 1:00:01]} 18. Rfd1
{[%clk 0:40:47]} a6 {[%clk 0:58:26]} 19. Bd3 {[%clk 0:39:12]} Rac8
{[%clk 0:57:30]} 20. Qf2 {[%clk 0:38:42]} Qd7 {[%clk 0:57:17]} 21. Bb6
{[%clk 0:38:07]} Re8 {[%clk 0:57:41]} 22. Rac1 {[%clk 0:35:54]} Nb8
{[%clk 0:54:28]} 23. c4 {[%clk 0:27:00]} Qc6 {[%clk 0:53:49]} 24. Rc2
{[%clk 0:24:46]} Bf8 {[%clk 0:40:41]} 25. Be2 {[%clk 0:20:07]} Qa4
{[%clk 0:38:08]} 26. b3 {[%clk 0:19:40]} Qb4 {[%clk 0:38:33]} 27. Bf3
{[%clk 0:17:40]} dxc4 {[%clk 0:34:38]} 28. Bxb7 {[%clk 0:17:10]} Rcd8
{[%clk 0:34:58]} 29. Rcd2 {[%clk 0:08:40]} Rxd2 {[%clk 0:34:36]} 30. Rxd2
{[%clk 0:09:06]} cxb3 {[%clk 0:34:32]} 31. axb3 {[%clk 0:09:12]} Qxb3
{[%clk 0:34:16]} 32. h4 {[%clk 0:06:04]} Re7 {[%clk 0:25:25]} 33. Bc8
{[%clk 0:03:35]} Re8 {[%clk 0:22:41]} 34. Bb7 {[%clk 0:04:04]} a5
{[%clk 0:22:43]} 35. Kh2 {[%clk 0:04:18]} a4 {[%clk 0:22:14]} 36. Qe3
{[%clk 0:03:08]} Qxe3 {[%clk 0:21:37]} 37. Bxe3 {[%clk 0:03:34]} Re7
{[%clk 0:21:33]} 38. Bf3 {[%clk 0:02:32]} Rc7 {[%clk 0:21:36]} 39. Rd4
{[%clk 0:02:11]} a3 {[%clk 0:21:56]} 40. Ra4 {[%clk 0:32:27]} Nd7
{[%clk 0:47:29]} 41. Ra8 {[%clk 0:29:04]} Rc3 {[%clk 0:43:21]} 42. Bd2
{[%clk 0:27:22]} Rb3 {[%clk 0:43:40]} 43. Bc6 {[%clk 0:27:21]} Nb6
{[%clk 0:42:58]} 44. Ra6 {[%clk 0:24:31]} Nc4 {[%clk 0:41:08]} 45. Bc1
{[%clk 0:22:44]} Rc3 {[%clk 0:40:29]} 46. Bxa3 {[%clk 0:22:15]} Rxa3
{[%clk 0:40:02]} 47. Rxa3 {[%clk 0:22:41]} Bxa3 {[%clk 0:40:26]} 48. Kg3
{[%clk 0:22:31]} Nb6 {[%clk 0:39:49]} 49. Kf3 {[%clk 0:22:37]} Nd5
{[%clk 0:40:03]} 50. Bb5 {[%clk 0:18:53]} Bc1 {[%clk 0:40:16]} 51. g3
{[%clk 0:19:16]} Kf8 {[%clk 0:40:35]} 52. Ba4 {[%clk 0:19:17]} Bd2
{[%clk 0:40:35]} 53. Bb3 {[%clk 0:19:04]} Be1 {[%clk 0:40:59]} 54. g4
{[%clk 0:18:32]} Bxh4 {[%clk 0:41:00]} 55. f5 {[%clk 0:18:57]} Be1
{[%clk 0:39:29]} 56. f6 {[%clk 0:18:00]} h5 {[%clk 0:39:20]} 0-1

[Event "Open A"]
[Site "Polanica-Zdroj"]
[Date "2017.08.23"]
[Round "5.7"]
[White "Psyk, Radoslaw"]
[Black "Keely, Leo A"]
[Result "1-0"]
[BlackElo "1962"]
[WhiteElo "2132"]
[LiveChessVersion "1.4.8"]

1. e4 {[%clk 1:30:56]} d5 {[%clk 1:30:53]} 2. exd5 {[%clk 1:31:19]} Nf6
{[%clk 1:31:09]} 3. d4 {[%clk 1:31:39]} Bg4 {[%clk 1:30:48]} 4. f3
{[%clk 1:31:42]} Bf5 {[%clk 1:31:08]} 5. Bb5+ {[%clk 1:31:57]} c6
{[%clk 1:31:21]} 6. dxc6 {[%clk 1:31:03]} Nxc6 {[%clk 1:31:12]} 7. Nc3
{[%clk 1:13:36]} e6 {[%clk 1:23:57]} 8. Nge2 {[%clk 1:11:14]} Bd6
{[%clk 1:22:50]} 9. O-O {[%clk 1:02:39]} O-O {[%clk 1:19:12]} 10. Be3
{[%clk 0:52:45]} Qc7 {[%clk 1:15:38]} 11. g3 {[%clk 0:52:00]} Nb4
{[%clk 1:13:08]} 12. Ba4 {[%clk 0:51:08]} a6 {[%clk 1:13:07]} 13. Qd2
{[%clk 0:47:55]} Rfd8 {[%clk 1:08:55]} 14. Rfd1 {[%clk 0:32:51]} Rac8
{[%clk 1:06:54]} 15. Rac1 {[%clk 0:31:10]} Qb8 {[%clk 0:58:55]} 16. Bb3
{[%clk 0:30:05]} b5 {[%clk 0:57:58]} 17. Bg5 {[%clk 0:26:53]} Qa8
{[%clk 0:52:58]} 18. a3 {[%clk 0:25:35]} Nc6 {[%clk 0:49:31]} 19. Bxf6
{[%clk 0:22:41]} gxf6 {[%clk 0:49:43]} 20. Qh6 {[%clk 0:22:35]} Na5
{[%clk 0:48:49]} 21. Qe3 {[%clk 0:12:48]} Nc4 {[%clk 0:44:20]} 22. Bxc4
{[%clk 0:13:11]} bxc4 {[%clk 0:44:44]} 23. Ne4 {[%clk 0:13:06]} Be7
{[%clk 0:44:30]} 24. Nf4 {[%clk 0:11:00]} Bg6 {[%clk 0:39:45]} 25. Rd2
{[%clk 0:08:51]} Qb7 {[%clk 0:38:21]} 26. c3 {[%clk 0:09:05]} Kg7
{[%clk 0:34:39]} 27. Rcd1 {[%clk 0:08:45]} Qb6 {[%clk 0:33:14]} 28. Qf2
{[%clk 0:08:09]} f5 {[%clk 0:32:29]} 29. d5 {[%clk 0:07:38]} fxe4
{[%clk 0:27:47]} 30. Qxb6 {[%clk 0:08:04]} Bc5+ {[%clk 0:28:09]} 31. Qxc5
{[%clk 0:08:31]} Rxc5 {[%clk 0:28:34]} 32. fxe4 {[%clk 0:08:13]} Bxe4
{[%clk 0:22:29]} 33. dxe6 {[%clk 0:08:30]} Rxd2 {[%clk 0:17:53]} 34. Rxd2
{[%clk 0:08:59]} f6 {[%clk 0:15:25]} 35. Rd7+ {[%clk 0:08:20]} Kf8
{[%clk 0:15:14]} 36. Kf2 {[%clk 0:06:27]} Ke8 {[%clk 0:14:28]} 37. Ke3
{[%clk 0:06:22]} Bf5 {[%clk 0:07:30]} 38. Kd4 {[%clk 0:04:57]} Rb5
{[%clk 0:07:03]} 39. Nd5 {[%clk 0:04:29]} Bxe6 {[%clk 0:06:11]} 40. Re7+
{[%clk 0:34:47]} 1-0

[Event "Open A"]
[Site "Polanica-Zdroj"]
[Date "2017.08.23"]
[Round "5.8"]
[White "Mazalon, Mariusz"]
[Black "Fus, Jakub"]
[Result "1/2-1/2"]
[BlackElo "2127"]
[WhiteElo "2000"]
[LiveChessVersion "1.4.8"]

1. d4 {[%clk 1:27:12]} Nf6 {[%clk 1:30:40]} 2. c4 {[%clk 1:27:18]} g6
{[%clk 1:30:48]} 3. Nc3 {[%clk 1:27:25]} Bg7 {[%clk 1:30:59]} 4. e4
{[%clk 1:27:34]} d6 {[%clk 1:31:10]} 5. Nf3 {[%clk 1:27:43]} O-O {[%clk 1:31:21]}
6. h3 {[%clk 1:28:07]} e5 {[%clk 1:31:29]} 7. d5 {[%clk 1:28:31]} a5
{[%clk 1:31:39]} 8. Be3 {[%clk 1:26:37]} Na6 {[%clk 1:30:26]} 9. Nd2
{[%clk 1:25:39]} Bd7 {[%clk 1:26:30]} 10. g4 {[%clk 1:20:55]} Nc5
{[%clk 1:25:57]} 11. a3 {[%clk 1:14:52]} a4 {[%clk 1:19:44]} 12. Be2
{[%clk 1:12:48]} Ne8 {[%clk 1:16:42]} 13. g5 {[%clk 1:04:18]} f5 {[%clk 1:04:10]}
14. h4 {[%clk 1:00:03]} Qe7 {[%clk 0:25:31]} 15. Qc2 {[%clk 0:53:23]} f4
{[%clk 0:22:25]} 16. Bxc5 {[%clk 0:53:22]} dxc5 {[%clk 0:22:48]} 17. O-O-O
{[%clk 0:52:45]} Nd6 {[%clk 0:22:33]} 18. Rdg1 {[%clk 0:51:41]} f3
{[%clk 0:19:46]} 19. Bd1 {[%clk 0:49:24]} Rf4 {[%clk 0:17:39]} 20. Rg3
{[%clk 0:45:27]} Qe8 {[%clk 0:12:29]} 21. Qd3 {[%clk 0:41:17]} Rb8
{[%clk 0:10:14]} 22. Qe3 {[%clk 0:40:18]} Bf8 {[%clk 0:08:33]} 23. Rxf3
{[%clk 0:39:33]} b5 {[%clk 0:06:22]} 24. Rxf4 {[%clk 0:33:39]} exf4
{[%clk 0:06:41]} 25. Qxf4 {[%clk 0:34:02]} b4 {[%clk 0:05:34]} 26. Ncb1
{[%clk 0:30:58]} Bg7 {[%clk 0:03:53]} 27. Bg4 {[%clk 0:31:00]} bxa3
{[%clk 0:02:21]} 28. bxa3 {[%clk 0:31:20]} Bb2+ {[%clk 0:01:10]} 29. Kd1
{[%clk 0:31:32]} Qe5 {[%clk 0:01:16]} 30. Qxe5 {[%clk 0:21:40]} Bxg4+
{[%clk 0:01:42]} 31. f3 {[%clk 0:21:49]} Bxe5 {[%clk 0:01:53]} 32. fxg4
{[%clk 0:22:13]} Nxc4 {[%clk 0:01:29]} 33. Rh3 {[%clk 0:20:47]} Nd6
{[%clk 0:00:47]} 34. Nc3 {[%clk 0:18:18]} c4 {[%clk 0:00:46]} 35. Kc2
{[%clk 0:17:42]} Kf7 {[%clk 0:00:37]} 36. h5 {[%clk 0:08:35]} Kg7
{[%clk 0:00:51]} 37. Rf3 {[%clk 0:08:02]} Bd4 {[%clk 0:00:43]} 38. Rh3
{[%clk 0:06:49]} 1/2-1/2

[Event "Open A"]
[Site "Polanica-Zdroj"]
[Date "2017.08.23"]
[Round "5.9"]
[White "Voloshin, Leonid"]
[Black "Mammadov, Vafa"]
[Result "1-0"]
[BlackElo "2066"]
[WhiteElo "2369"]
[LiveChessVersion "1.4.8"]

1. c4 e5 2. Nc3 Nf6 3. g3 d6 4. Bg2 Be7 5. Nf3 O-O 6. d4 Nbd7 7. O-O c6 8. e4 Qc7
9. h3 Re8 10. Be3 Nf8 11. Rc1 Ng6 12. Re1 Bd7 13. b4 exd4 14. Nxd4 a5 15. b5 c5
16. Nf5 Bf8 17. Bg5 Be6 18. Bxf6 gxf6 19. Ne3 Ne7 20. f4 Bh6 21. Qh5 Kg7 22. Rf1
d5 23. cxd5 Bd7 24. Nc4 Nc8 25. e5 1-0

[Event "Open A"]
[Site "Polanica-Zdroj"]
[Date "2017.08.23"]
[Round "5.10"]
[White "Rogacewicz, Mikolaj"]
[Black "Zaleski, Lukasz"]
[Result "0-1"]
[BlackElo "2267"]
[WhiteElo "1793"]
[LiveChessVersion "1.4.8"]

1. d4 {[%clk 1:30:57]} Nf6 {[%clk 1:30:46]} 2. c4 {[%clk 1:31:12]} e6
{[%clk 1:31:05]} 3. g3 {[%clk 1:31:08]} c5 {[%clk 1:30:58]} 4. d5
{[%clk 1:31:11]} exd5 {[%clk 1:31:21]} 5. cxd5 {[%clk 1:31:23]} d6
{[%clk 1:31:40]} 6. Nc3 {[%clk 1:31:18]} g6 {[%clk 1:32:03]} 7. Bg2
{[%clk 1:31:00]} Bg7 {[%clk 1:32:26]} 8. Nf3 {[%clk 1:30:48]} O-O
{[%clk 1:32:35]} 9. O-O {[%clk 1:30:09]} a6 {[%clk 1:32:34]} 10. a4 Nbd7
{[%clk 1:32:45]} 11. Nd2 {[%clk 1:30:09]} Re8 {[%clk 1:32:51]} 12. h3
{[%clk 1:29:52]} Rb8 {[%clk 1:30:43]} 13. Nc4 {[%clk 1:29:39]} Ne5
{[%clk 1:30:34]} 14. Na3 {[%clk 1:29:48]} Nh5 {[%clk 1:29:09]} 15. e4
{[%clk 1:29:42]} Bd7 {[%clk 1:25:29]} 16. a5 {[%clk 1:29:04]} Qxa5
{[%clk 1:25:23]} 17. g4 {[%clk 1:29:21]} Nf6 {[%clk 1:25:35]} 18. f4
{[%clk 1:29:39]} Nexg4 {[%clk 1:25:45]} 19. hxg4 {[%clk 1:30:00]} Nxg4
{[%clk 1:25:58]} 20. f5 {[%clk 1:30:17]} h5 {[%clk 1:26:00]} 21. Qf3
{[%clk 1:11:00]} Qd8 {[%clk 1:14:16]} 22. Nc4 {[%clk 1:03:36]} Bd4+
{[%clk 1:08:21]} 23. Ne3 {[%clk 0:56:49]} Qh4 {[%clk 1:03:16]} 24. Bh3
{[%clk 0:55:59]} Ne5 {[%clk 0:53:30]} 25. Qg2 {[%clk 0:51:41]} g5
{[%clk 0:53:30]} 26. Ne2 {[%clk 0:49:32]} g4 {[%clk 0:52:05]} 27. Nf4
{[%clk 0:47:21]} Kh8 {[%clk 0:51:00]} 28. Kh2 {[%clk 0:38:15]} Bxe3
{[%clk 0:42:05]} 29. Bxe3 {[%clk 0:33:04]} gxh3 {[%clk 0:42:16]} 30. Qf3
{[%clk 0:32:27]} 0-1

[Event "Open A"]
[Site "Polanica-Zdroj"]
[Date "2017.08.23"]
[Round "5.11"]
[White "Bugalski, Michal"]
[Black "Baumann, Dariusz"]
[Result "1-0"]
[BlackElo "2067"]
[WhiteElo "2250"]
[LiveChessVersion "1.4.8"]

1. e4 e5 2. Nf3 Nc6 3. Bc4 Bc5 4. c3 Nf6 5. d3 d6 6. Nbd2 O-O 7. h3 Be6 8. O-O
Qd7 9. Re1 Bb6 10. Ng5 Rae8 11. Bb5 a6 12. Ba4 h6 13. Nxe6 fxe6 14. Nf3 Ba7 15.
Be3 Bxe3 16. Rxe3 b5 17. Bb3 d5 18. a4 d4 19. Re1 dxc3 20. bxc3 Rd8 21. axb5 axb5
22. Ra6 Rfe8 23. Re3 Kh7 24. Qa1 Ng8 25. Qa3 Nge7 26. Qc5 Qd6 27. Qxb5 Ra8 28.
Rxa8 Rxa8 29. Qc4 Nd8 30. Re1 Ng6 31. Bc2 Nf4 32. Kh2 Nf7 33. g3 Ng6 34. h4 Ra6
35. d4 Rc6 36. Qd3 Qa3 37. h5 Nf8 38. c4 Qb4 39. c5 Kg8 40. Rb1 Qa5 41. Rb5 Qa1
42. d5 Ra6 43. Rb8 Ra8 44. Rxa8 Qxa8 45. Bb3 Qd8 46. Kg2 Qf6 47. dxe6 Nxe6 48.
Qd5 Ned8 49. Nxe5 c6 50. Qd6 Qxd6 51. cxd6 Kf8 52. Nxf7 Nxf7 53. Bxf7 Kxf7 54. e5
c5 55. Kf1 Ke6 56. Ke2 Kd5 1-0

[Event "Open A"]
[Site "Polanica-Zdroj"]
[Date "2017.08.23"]
[Round "5.12"]
[White "Garbowski, Jakub"]
[Black "Nyvlt, Otto"]
[Result "1-0"]
[BlackElo "1964"]
[WhiteElo "2185"]
[LiveChessVersion "1.4.8"]

1. e4 {[%clk 1:30:54]} c5 {[%clk 1:30:50]} 2. Nf3 {[%clk 1:31:15]} d6
{[%clk 1:31:15]} 3. d4 {[%clk 1:31:38]} cxd4 {[%clk 1:31:43]} 4. Nxd4
{[%clk 1:31:59]} Nf6 {[%clk 1:32:08]} 5. Nc3 {[%clk 1:32:23]} a6 {[%clk 1:32:31]}
6. Bg5 {[%clk 1:29:49]} Nbd7 {[%clk 1:32:33]} 7. Bc4 {[%clk 1:30:07]} Qb6
{[%clk 1:31:19]} 8. Bb3 {[%clk 1:30:17]} e6 {[%clk 1:31:42]} 9. Qd2
{[%clk 1:30:33]} Be7 {[%clk 1:31:34]} 10. O-O-O {[%clk 1:30:50]} Nc5
{[%clk 1:29:58]} 11. Rhe1 {[%clk 1:31:02]} Qc7 {[%clk 1:24:28]} 12. f4
{[%clk 1:30:40]} h6 {[%clk 1:03:54]} 13. e5 {[%clk 1:26:10]} dxe5
{[%clk 1:03:35]} 14. fxe5 {[%clk 1:26:34]} Nfe4 {[%clk 0:55:53]} 15. Nxe4
{[%clk 1:26:47]} Nxe4 {[%clk 0:56:08]} 16. Ba4+ {[%clk 1:27:11]} Bd7
{[%clk 0:52:45]} 17. Nxe6 {[%clk 1:27:25]} fxe6 {[%clk 0:29:44]} 18. Qxd7+
{[%clk 1:27:14]} Qxd7 {[%clk 0:29:38]} 19. Bxd7+ {[%clk 1:27:31]} 1-0

[Event "Open A"]
[Site "Polanica-Zdroj"]
[Date "2017.08.24"]
[Round "6.1"]
[White "Warakomski, Tomasz"]
[Black "Shishkin, Vadim"]
[Result "1-0"]
[BlackElo "2454"]
[WhiteElo "2536"]
[LiveChessVersion "1.4.8"]

1. e4 {[%clk 1:27:08]} c5 {[%clk 1:30:53]} 2. Nf3 {[%clk 1:27:33]} Nc6
{[%clk 1:31:19]} 3. d4 {[%clk 1:28:00]} cxd4 {[%clk 1:31:36]} 4. Nxd4
{[%clk 1:28:24]} Nf6 {[%clk 1:31:53]} 5. Nc3 {[%clk 1:28:50]} d6 {[%clk 1:32:19]}
6. Bg5 {[%clk 1:28:47]} e6 {[%clk 1:31:12]} 7. Qd2 {[%clk 1:28:14]} a6
{[%clk 1:29:03]} 8. O-O-O {[%clk 1:27:49]} Qb6 {[%clk 1:17:11]} 9. Be2
{[%clk 1:18:54]} Be7 {[%clk 0:57:40]} 10. Kb1 {[%clk 1:08:02]} Qxd4
{[%clk 0:55:15]} 11. Qxd4 {[%clk 1:08:26]} Nxd4 {[%clk 0:55:42]} 12. Rxd4
{[%clk 1:08:49]} Bd7 {[%clk 0:56:10]} 13. f4 {[%clk 0:52:09]} Bc6
{[%clk 0:53:53]} 14. Bf3 {[%clk 0:50:26]} Rd8 {[%clk 0:45:33]} 15. Rhd1
{[%clk 0:45:07]} h6 {[%clk 0:37:42]} 16. Bxf6 {[%clk 0:43:37]} gxf6
{[%clk 0:37:54]} 17. Bh5 {[%clk 0:43:05]} Rg8 {[%clk 0:26:58]} 18. g3
{[%clk 0:41:44]} Kf8 {[%clk 0:20:50]} 19. Re1 {[%clk 0:36:22]} b5
{[%clk 0:18:49]} 20. a3 {[%clk 0:28:18]} Rd7 {[%clk 0:14:58]} 21. Nd1
{[%clk 0:16:27]} d5 {[%clk 0:11:53]} 22. exd5 {[%clk 0:15:26]} Bc5
{[%clk 0:11:35]} 23. Rd3 {[%clk 0:13:13]} Rxd5 {[%clk 0:11:55]} 24. Rxd5
{[%clk 0:13:38]} Bxd5 {[%clk 0:12:21]} 25. Nc3 {[%clk 0:12:56]} Bc6
{[%clk 0:12:22]} 26. Ne4 {[%clk 0:11:35]} Bxe4 {[%clk 0:12:04]} 27. Rxe4
{[%clk 0:12:00]} Ke7 {[%clk 0:12:28]} 28. c3 {[%clk 0:10:54]} f5 {[%clk 0:09:41]}
29. Re1 {[%clk 0:11:20]} Rd8 {[%clk 0:09:46]} 30. Kc2 {[%clk 0:11:45]} Bf2
{[%clk 0:05:28]} 31. Re2 {[%clk 0:11:47]} Bb6 {[%clk 0:05:54]} 32. Bf3
{[%clk 0:11:22]} Rd7 {[%clk 0:04:06]} 33. b4 {[%clk 0:10:47]} Kd8
{[%clk 0:03:22]} 34. Re1 {[%clk 0:04:45]} Kc7 {[%clk 0:03:17]} 35. Be2
{[%clk 0:04:57]} Kb7 {[%clk 0:02:04]} 36. Ra1 {[%clk 0:03:34]} Rc7
{[%clk 0:01:20]} 37. Rd1 {[%clk 0:02:30]} Rc8 {[%clk 0:00:38]} 38. Bh5
{[%clk 0:02:11]} Rc7 {[%clk 0:00:53]} 39. Kb3 {[%clk 0:02:08]} Kc8
{[%clk 0:00:48]} 40. Rd6 {[%clk 0:31:36]} Kb7 {[%clk 0:30:47]} 41. Bf3+
{[%clk 0:26:11]} Ka7 {[%clk 0:31:11]} 42. Rd2 {[%clk 0:26:37]} Rc8
{[%clk 0:24:12]} 43. Rd7+ {[%clk 0:24:29]} Rc7 {[%clk 0:24:36]} 44. Rd1
{[%clk 0:24:56]} Rc8 {[%clk 0:24:10]} 45. Bh5 {[%clk 0:25:17]} Rc7
{[%clk 0:24:37]} 46. Ra1 {[%clk 0:25:37]} Rd7 {[%clk 0:11:47]} 47. a4
{[%clk 0:25:51]} bxa4+ {[%clk 0:11:52]} 48. Rxa4 {[%clk 0:25:04]} Bg1
{[%clk 0:11:52]} 49. Ra2 {[%clk 0:25:18]} Kb6 {[%clk 0:06:31]} 50. h3
{[%clk 0:20:03]} f6 {[%clk 0:01:39]} 51. Rg2 {[%clk 0:18:07]} Be3
{[%clk 0:01:26]} 52. Re2 {[%clk 0:18:32]} Bg1 {[%clk 0:01:02]} 53. Rxe6+
{[%clk 0:18:57]} Kc7 {[%clk 0:01:09]} 54. Rxa6 {[%clk 0:11:41]} Rd3
{[%clk 0:01:33]} 55. Rxf6 {[%clk 0:12:01]} Rxg3 {[%clk 0:01:59]} 56. Rxf5
{[%clk 0:05:11]} Rxh3 {[%clk 0:01:32]} 57. Rf7+ {[%clk 0:04:05]} Kd8
{[%clk 0:00:34]} 58. Rd7+ {[%clk 0:03:42]} Kc8 {[%clk 0:00:00]} 1-0

[Event "Open A"]
[Site "Polanica-Zdroj"]
[Date "2017.08.24"]
[Round "6.2"]
[White "Faron, Rafal"]
[Black "Cyborowski, Lukasz"]
[Result "1/2-1/2"]
[BlackElo "2532"]
[WhiteElo "2106"]
[LiveChessVersion "1.4.8"]

1. c4 {[%clk 1:30:53]} e5 {[%clk 1:29:53]} 2. g3 {[%clk 1:30:45]} g6
{[%clk 1:27:23]} 3. Bg2 {[%clk 1:30:41]} Bg7 {[%clk 1:27:49]} 4. Nc3
{[%clk 1:30:50]} d6 {[%clk 1:28:09]} 5. d3 {[%clk 1:30:23]} Nf6 {[%clk 1:27:54]}
6. Nf3 {[%clk 1:29:54]} O-O {[%clk 1:28:09]} 7. O-O {[%clk 1:30:03]} Re8
{[%clk 1:26:13]} 8. Rb1 {[%clk 1:29:20]} a5 {[%clk 1:20:35]} 9. e4
{[%clk 1:22:58]} Bg4 {[%clk 1:11:03]} 10. a3 {[%clk 1:14:55]} Nc6
{[%clk 1:06:05]} 11. Be3 {[%clk 1:09:19]} Nd7 {[%clk 1:05:15]} 12. h3
{[%clk 1:03:31]} Bxf3 {[%clk 1:04:38]} 13. Bxf3 {[%clk 1:03:37]} Nc5
{[%clk 1:00:21]} 14. b4 {[%clk 0:44:22]} axb4 {[%clk 0:59:59]} 15. axb4
{[%clk 0:44:46]} Ne6 {[%clk 0:59:58]} 16. Ne2 {[%clk 0:44:37]} Ra3
{[%clk 0:55:21]} 17. Bg4 {[%clk 0:38:18]} Qe7 {[%clk 0:41:53]} 18. Bc1
{[%clk 0:31:04]} Raa8 {[%clk 0:40:27]} 19. Nc3 {[%clk 0:22:26]} Ncd4
{[%clk 0:39:02]} 20. Be3 {[%clk 0:17:48]} f5 {[%clk 0:28:18]} 21. exf5
{[%clk 0:14:47]} gxf5 {[%clk 0:28:29]} 22. Bh5 {[%clk 0:15:11]} Rf8
{[%clk 0:28:36]} 23. Bxd4 {[%clk 0:13:45]} Nxd4 {[%clk 0:29:00]} 24. Ne2
{[%clk 0:14:01]} Ne6 {[%clk 0:25:24]} 25. Bf3 {[%clk 0:13:39]} c6
{[%clk 0:17:47]} 26. Bg2 {[%clk 0:11:02]} f4 {[%clk 0:15:27]} 27. Nc3
{[%clk 0:09:26]} Nd4 {[%clk 0:13:20]} 28. Be4 {[%clk 0:09:27]} f3
{[%clk 0:13:29]} 29. Ra1 {[%clk 0:08:08]} Qf6 {[%clk 0:12:50]} 30. Rxa8
{[%clk 0:07:55]} Rxa8 {[%clk 0:13:15]} 31. b5 {[%clk 0:07:46]} Rf8
{[%clk 0:02:57]} 32. bxc6 {[%clk 0:06:24]} bxc6 {[%clk 0:03:23]} 33. Kh2
{[%clk 0:06:40]} h5 {[%clk 0:02:58]} 34. h4 {[%clk 0:05:40]} Bh6 {[%clk 0:03:12]}
35. Rg1 {[%clk 0:05:06]} Kh8 {[%clk 0:03:25]} 36. Qf1 {[%clk 0:02:11]} Qe6
{[%clk 0:00:52]} 37. Qa1 {[%clk 0:01:05]} Bd2 {[%clk 0:00:45]} 38. Qa7
{[%clk 0:00:56]} Qf7 {[%clk 0:00:43]} 39. Qxf7 {[%clk 0:00:39]} Rxf7
{[%clk 0:01:09]} 40. Nd1 {[%clk 0:30:49]} Ra7 {[%clk 0:30:41]} 41. Ne3
{[%clk 0:27:09]} Ra2 {[%clk 0:17:21]} 42. Nf5 {[%clk 0:26:37]} Nxf5
{[%clk 0:12:48]} 43. Bxf5 {[%clk 0:27:04]} Be3 {[%clk 0:13:11]} 44. Rf1
{[%clk 0:27:29]} Bxf2 {[%clk 0:12:07]} 45. Kh3 {[%clk 0:27:52]} Bd4
{[%clk 0:10:04]} 1/2-1/2